Energy performance of building directive (EPBD) (Record no. 107264)

MARC details
000 -LEADER
fixed length control field 01230cam a22002535a 4500
001 - CONTROL NUMBER
control field L138865
008 - FIXED-LENGTH DATA ELEMENTS--GENERAL INFORMATION
fixed length control field 070717s2007 xxk f 000 0 eng d
035 ## - SYSTEM CONTROL NUMBER
System control number (Sirsi) u138865
041 0# - LANGUAGE CODE
Language code of text/sound track or separate title eng
050 04 - LIBRARY OF CONGRESS CALL NUMBER
Classification number 692.2 $2 18
110 2# - MAIN ENTRY--CORPORATE NAME
Corporate name or jurisdiction name as entry element Royal Institution of Chartered Surveyors
9 (RLIN) 4900
245 00 - TITLE STATEMENT
Title Energy performance of building directive (EPBD)
Remainder of title the facts you need to know
Medium [electronic resource]
260 ## - PUBLICATION, DISTRIBUTION, ETC.
Place of publication, distribution, etc. London
Name of publisher, distributor, etc. RICS
Date of publication, distribution, etc. 2007
300 ## - PHYSICAL DESCRIPTION
Extent 6p.
Dimensions 10x21cm.
520 ## - SUMMARY, ETC.
Summary, etc. Leaflet provides information on the requirements of the EU Energy Performance Buildings Directive (EPBD). These are given for both residential and commercial properties. Details the requirements for Energy Performance Certificates and Display Energy Certificates, who may produce them, and the situation in Scotland.
590 ## - LOCAL NOTE (RLIN)
Local note KA
650 24 - SUBJECT ADDED ENTRY--TOPICAL TERM
Topical term or geographic name entry element DIRECTIVE 2002/91/EC
650 24 - SUBJECT ADDED ENTRY--TOPICAL TERM
Topical term or geographic name entry element COMMERCIAL ENERGY PERFORMANCE CERTIFICATES
650 24 - SUBJECT ADDED ENTRY--TOPICAL TERM
Topical term or geographic name entry element RESIDENTIAL ENERGY PERFORMANCE CERTIFICATES
651 #4 - SUBJECT ADDED ENTRY--GEOGRAPHIC NAME
Geographic name United Kingdom
Chronological subdivision
690 ## - LOCAL SUBJECT ADDED ENTRY--TOPICAL TERM (OCLC, RLIN)
Topical term or geographic name as entry element ENVIRONMENTAL AND LAND CONSULTANCY-ENERGY-ENERGY USE-ENERGY EFFICIENCY
856 41 - ELECTRONIC LOCATION AND ACCESS
Public note View the item free of charge at www.rics.org...
942 ## - ADDED ENTRY ELEMENTS (KOHA)
Suppress in OPAC 0
Holdings
Withdrawn status Lost status Source of classification or shelving scheme Damaged status Not for loan Home library Current library Shelving location Date acquired Total Checkouts Full call number Barcode Date last seen Copy number Price effective from Koha item type
    Dewey Decimal Classification     London London RICS Boxes 23/08/2007   RICS 2007/35 30074027 06/08/2019 1 06/08/2019 Archive
    Dewey Decimal Classification     London London RICS Boxes 23/08/2007   RICS 2007/35 30074028 06/08/2019 2 06/08/2019 Reference material
    Dewey Decimal Classification     London London RICS Boxes 23/08/2007   RICS 2007/35 30074029 06/08/2019 3 06/08/2019 Book
    Dewey Decimal Classification     Virtual Virtual Online 31/08/2007   ONLINE PUBLICATION 138865-3001 06/08/2019 1 06/08/2019 Book